000 01769nam a2200313 i 4500
003 DO-SdBNP
005 20240321120929.0
007 ta
008 110413s2016 dr a 000 j spa d
040 _aDO-SdBNP
_bspa
_cBNPHU
_erda
082 _bF953
_222
100 1 _aFuei Liao , Yuan
_977949
245 1 3 _aLa pelota /
_cYuan Fuei Liao ; ilustrador Arlyn García
264 1 _aSanto Domingo :
_bUSAID,
_bUNIBE,
_c2016.
300 _a8 páginas
_c22 cm.
_bIlustraciones
336 _2rdacontent
_atexto
_btxt
337 _2rdamedia
_asin mediación
_bn
338 _2rdacarrier
_avolumen
_bnc
490 1 _aLibros decodificables
_aProyecto leer
_vEtapa D-2
500 _aLos libros decodificables están compuestos de textos redactados con dificultad progresiva. Cada etapa decodificable enfatiza ciertas combinaciones de letras y sonidos tomando en cuenta el orden de frecuencia en la que aparecen en el idioma español, y el nivel de dificultad de la relación letra-sonidos.
500 _aCombinación de grafemas: y, f, p, t, b, d.
500 _aGrafemas anteriores: a, m, e, n, o, s, i, l, u, y.
520 _aEl lobito está en el estadio de béisbol y agarra un bate. La osa panda es quien va a lanzar la pelota. En el juego también están la paloma que está vestida a la moda, y el mono que está cuidando una base. El lobito batea la pelota con mucha fuerza. La batea tan duro que la pelota sale disparada, llevándose las plumas de la paloma que queda como un pollo desplumado, y también llevándose la base que cuida el mono. La pelota va volando, perdiéndose en medio de las nubes.
521 _aNivel primario
590 _aInventariado, 2024/ YL
700 _aGarcía, Arlyn
_951092
_eilustraciones
910 _aYLockward
942 _2ddc
_cLF2
999 _c55804
_d55804